| 000 | 00466nam a2200181Ia 4500 | ||
|---|---|---|---|
| 003 | GCL | ||
| 008 | 140319s9999 xx 000 0 ara d | ||
| 040 |
_aGCL / _cGCL |
||
| 082 | 0 | 4 |
_a229.5 _bم ح |
| 100 | 1 | _aمحمود شلبى | |
| 245 | 1 | 0 |
_aحياة يونس / _cمحمود شلبى |
| 260 |
_a[S.N] : _bدار الجيل ، _c1989 |
||
| 300 | _a125 ص | ||
| 650 | 0 | 4 | _aالاسلام |
| 650 | 0 | 4 | _aالانبياء |
| 650 | 0 | 4 | _aيونس |
| 942 |
_2ddc _cREF |
||
| 999 |
_c59209 _d59209 |
||